| 000 | 00652nam a2200217 a 4500 | ||
|---|---|---|---|
| 005 | 20240228064103.0 | ||
| 008 | 121024s2007 mx r 000 0 spa d | ||
| 020 | _a9789707840881 | ||
| 035 | _aUPN01000188004 | ||
| 049 | _aI | ||
| 050 | 4 |
_aPZ78 _bA3.2 |
|
| 100 | 1 |
_aAguilar, Marcela _932926 |
|
| 245 | 1 | 0 |
_aA barrer la luna / _cMarcela Aguilar ; il. Claudia Aragonés. |
| 260 |
_aMéxico : _bSigno, _c2007. |
||
| 300 |
_a29 p. : _bprincipalmente il. col. |
||
| 440 | 0 | _aClub de lectores | |
| 650 | 4 |
_aLibros y lectura para niños _92290 |
|
| 650 | 4 |
_aHIJOS DE PADRES DIVORCIADOS _94350 |
|
| 700 | 1 |
_aAragonés, Claudia, _eil. |
|
| 905 | _aInfantil | ||
| 999 |
_c160107 _d160107 |
||